Zamestnanci ako dôležitý nastroj konkurenčnej výhody podniku bakalárska práca

Na minha lista:
Detalhes bibliográficos
Autor principal: Gajdošová, Klaudia
Autor Corporativo: Fakulta podnikového manažmentu EU. Katedra podnikovohospodárska
Outros Autores: Foltínová, Ľubica, 1975-
Formato: Livro
Idioma:eslovaco
Publicado em: Bratislava 2025
Tags: Adicionar Tag
Sem tags, seja o primeiro a adicionar uma tag!

MARC

LEADER 00000nbm a2200000 4500
001 0310070
005 20260323102509.1
041 0 |a slo 
044 |a SK 
245 1 0 |a Zamestnanci ako dôležitý nastroj konkurenčnej výhody podniku  |b bakalárska práca  |c Klaudia Gajdošová ; školiteľ: Ľubica Foltínová 
264 1 |a Bratislava  |c 2025 
300 |a 57 s. 
100 1 |a Gajdošová, Klaudia 
700 1 |a Foltínová, Ľubica, 1975- 
710 2 |a Fakulta podnikového manažmentu EU. Katedra podnikovohospodárska